00233nam a2200085Ia 4500008004100000100001700041245004900058260003200107300000800139191201s2012 xx 000 0 und d aSHARMA,Pooja 0aCommunicating effectively in english 2nd Sem c2012bNORTH PUB.aNEW DELHI a352